|
|
|
|
| LEADER |
01653nam a2200337 a 4500 |
| 001 |
28841 |
| 003 |
BD-DhAAL |
| 005 |
20150124122605.0 |
| 008 |
150124r20001998nyuab b 001 0 eng |
| 010 |
|
|
|a 98015886
|
| 020 |
|
|
|a 9780679757047
|
| 020 |
|
|
|a 0679438092
|
| 040 |
|
|
|a DLC
|c DLC
|d DLC
|d BD-DhAAL
|
| 043 |
|
|
|a e------
|
| 050 |
0 |
0 |
|a D424
|b .M39 1999
|
| 082 |
0 |
0 |
|a 940.55
|2 21
|
| 100 |
1 |
|
|a Mazower, Mark.
|9 7417
|
| 245 |
1 |
0 |
|a Dark continent :
|b Europe's twentieth century /
|c Mark Mazower.
|
| 250 |
|
|
|a 1st Vintage books ed.
|
| 260 |
|
|
|a New York :
|b Distributed by Random House ;
|b Vintage books,
|c c1998 [2000].
|
| 300 |
|
|
|a xvi, 487 p. :
|b ill., maps ;
|c 24 cm.
|
| 504 |
|
|
|a Includes bibliographical references (p. 417-449) and index.
|
| 541 |
|
|
|e 28841
|
| 651 |
|
0 |
|a Europe
|x History
|y 20th century.
|9 7419
|
| 856 |
4 |
2 |
|3 Contributor biographical information
|u http://www.loc.gov/catdir/bios/random058/98015886.html
|
| 856 |
4 |
2 |
|3 Publisher description
|u http://www.loc.gov/catdir/description/random049/98015886.html
|
| 942 |
|
|
|2 ddc
|c BK
|
| 999 |
|
|
|c 33493
|d 33493
|
| 952 |
|
|
|0 0
|1 0
|2 ddc
|4 0
|6 940_550000000000000_MAZ
|7 0
|9 50321
|a BRACUL
|b BRACUL
|c GEN
|d 2015-01-24
|e Riza Enterprise
|g 1975.00
|l 1
|m 8
|o 940.55 MAZ
|p 3010028841
|r 2017-12-19
|s 2017-10-23
|t 1
|w 2015-01-24
|y BK
|
| 952 |
|
|
|0 0
|1 0
|2 ddc
|4 0
|6 940_550000000000000_MAZ
|7 0
|9 50322
|a BRACUL
|b BRACUL
|c GEN
|d 2015-01-24
|e Riza Enterprise
|g 1975.00
|l 6
|m 23
|o 940.55 MAZ
|p 3010028842
|r 2024-01-04
|s 2023-10-18
|t 2
|w 2015-01-24
|y BK
|
| 952 |
|
|
|0 0
|1 0
|2 ddc
|4 0
|6 940_550000000000000_MAZ
|7 0
|9 50323
|a BRACUL
|b BRACUL
|c GEN
|d 2015-01-24
|e Riza Enterprise
|g 1975.00
|l 3
|m 6
|o 940.55 MAZ
|p 3010028843
|r 2024-12-07
|s 2024-12-01
|t 3
|w 2015-01-24
|y BK
|